Применение вибродиагностики для контроля параметров технического состояния технологического оборудования; Ресурсосберегающие технологии в контроле, управлении качеством и безопасности

Bibliographic Details
Parent link:Ресурсосберегающие технологии в контроле, управлении качеством и безопасности.— 2021.— [С. 35-39]
Main Author: Величкович И. Б. Инна Борисовна
Corporate Author: Национальный исследовательский Томский политехнический университет Инженерная школа неразрушающего контроля и безопасности Отделение контроля и диагностики
Other Authors: Цой А. И. Андрей Игоревич, Мойзес Б. Б. Борис Борисович
Summary:Заглавие с экрана
Статья посвящена рассмотрению вопросов определения параметров вибрации при работе технологического оборудования. Для работы применен испытательный вибрационный стенд, предназначенный для моделирования рабочих процессов технологических систем. В результате разработана методика проведения измерений вибрации при изменении рабочих параметров гидравлического привода.
The article is devoted to the issues of determining the vibration parameters during the operation of technological equipment. A test vibration stand designed for modeling the working processes of technological systems is used for the work. As a result, a method for measuring vibration when changing the operating parameters of a hydraulic drive is developed.
Language:Russian
Published: 2021
Subjects:
Online Access:http://earchive.tpu.ru/handle/11683/64378
Format: Electronic Book Chapter
KOHA link:https://koha.lib.tpu.ru/cgi-bin/koha/opac-detail.pl?biblionumber=632549

MARC

LEADER 00000naa2a2200000 4500
001 632549
005 20240117114514.0
035 |a (RuTPU)RU\TPU\conf\34270 
035 |a RU\TPU\conf\34269 
090 |a 632549 
100 |a 20210126d2021 k y0rusy50 ca 
101 0 |a rus 
102 |a RU 
105 |a y z 101zy 
135 |a drcn ---uucaa 
181 0 |a i  
182 0 |a b 
200 1 |a Применение вибродиагностики для контроля параметров технического состояния технологического оборудования  |d Research of parameters of technical condition of technological equipment  |f И. Б. Величкович, А. И. Цой, Б. Б. Мойзес 
203 |a Текст  |c электронный 
300 |a Заглавие с экрана 
320 |a [Библиогр.: с. 38-39 (12 назв.)] 
330 |a Статья посвящена рассмотрению вопросов определения параметров вибрации при работе технологического оборудования. Для работы применен испытательный вибрационный стенд, предназначенный для моделирования рабочих процессов технологических систем. В результате разработана методика проведения измерений вибрации при изменении рабочих параметров гидравлического привода. 
330 |a The article is devoted to the issues of determining the vibration parameters during the operation of technological equipment. A test vibration stand designed for modeling the working processes of technological systems is used for the work. As a result, a method for measuring vibration when changing the operating parameters of a hydraulic drive is developed. 
463 0 |0 (RuTPU)RU\TPU\conf\34267  |t Ресурсосберегающие технологии в контроле, управлении качеством и безопасности  |o сборник научных трудов IX Международной конференции школьников, студентов, аспирантов, молодых ученых "Ресурсоэффективные системы в управлении и контроле: взгляд в будущее", 11-13 ноября 2020 г., г. Томск  |f Национальный исследовательский Томский политехнический университет (ТПУ)  |v [С. 35-39]  |d 2021 
510 1 |a Research of parameters of technical condition of technological equipment  |z eng 
610 1 |a электронный ресурс 
610 1 |a труды учёных ТПУ 
610 1 |a техническое состояние 
610 1 |a вибрации 
610 1 |a вибродиагностика 
610 1 |a контроль 
610 1 |a технологическое оборудование 
610 1 |a параметры 
610 1 |a стенды 
610 1 |a рабочие процессы 
610 1 |a гидравлические приводы 
610 1 |a technical condition 
610 1 |a vibration 
610 1 |a test plan 
610 1 |a engineering measurement 
700 1 |a Величкович  |b И. Б.  |g Инна Борисовна 
701 1 |a Цой  |b А. И.  |g Андрей Игоревич 
701 1 |a Мойзес  |b Б. Б.  |c специалист в области машиностроения  |c доцент Томского политехнического университета, кандидат технических наук  |f 1975-  |g Борис Борисович  |3 (RuTPU)RU\TPU\pers\26722  |9 12380 
712 0 2 |a Национальный исследовательский Томский политехнический университет  |b Инженерная школа неразрушающего контроля и безопасности  |b Отделение контроля и диагностики  |3 (RuTPU)RU\TPU\col\23584 
801 2 |a RU  |b 63413507  |c 20210205  |g RCR 
856 4 |u http://earchive.tpu.ru/handle/11683/64378 
942 |c BK